Представление документа в формате RUSMARC

ПолеНазваниеЗначение
  Тип записи a
  Библиографический уровень m
001 Контрольный номер RU/IS/BASE/227292348
005 Дата корректировки 20201206204442.9
010 Индекс ISBN __
d Цена 1-87
101 Язык документа 0_
a Язык текста rus
c Язык оригинала rus
200 Заглавие и сведения об ответственности 1_
a Заглавие Хмурое утро
e Сведения, относящиеся к заглавию трилогия
f Первые сведения об ответственности Алексей Толстой ; [послесл. Л. Емельянова]
b Общее обозначение материала Текст
210 Выходные данные __
a Место издания Л.
c Издательство Лениздат
d Дата издания 1977
215 Физическое описание __
a Объем 382, [2] с.
c Иллюстрации/тип воспроизводства ил.
225 Серия __
a Серия Юношеская библиотека Лениздата
330 Аннотация __
a Аннотация Художественная летопись революции и гражданской войны. Передается бурное движение эпохи, напряженный драматизм социальной борьбы.
461 Уровень набора __
1 2001
a Хождение по мукам
v Кн. 3
600 Персоналии __
a Персоналии (Фамилия) Толстой, А. Н.
f Даты 1882-1945
g Полное имя Алексей Николаевич
605 Заглавие как предмет __
a Заглавие Хмурое утро
605 Заглавие как предмет __
a Заглавие Хождение по мукам
606 Тематические рубрики __
a Основная рубрика Художественная литература
z Хронологическая подрубрика 20 в.
y Географическая подрубрика Россия
606 Тематические рубрики __
a Основная рубрика Русская литература XX в. (произведения)
610 Ключевые слова __
a Ключевые слова тема Родины; тема России; тема патриотизма; патриотическая тема; тема семьи; тема человека; тема нравственности; романы; трилогии; литературная критика; романы-эпопеи
686 Индексы других классификаций __
a Классификационный индекс 84(2Рос=Рус)6-4
700 Автор _1
a Фамилия Толстой
b Имя А. Н.
g Полное личное имя Алексей Николаевич
4 Код отношения 070
702 Вторичная интеллектуальная ответственность _1
a Фамилия Емельянов
b Имя Л.
4 Код отношения Автор предисловия и т.д.
4 Код отношения 080
801 Источник записи _0
a Страна RU
b Организация Муниципальное бюджетное учреждение культуры "Централизованная библиотечная система" г. Сургут (Центральная городская библиотека им. А. С. Пушкина)
g Правила каталогизации КиК/Поспелова
801 Источник записи _1
a Страна RU
b Организация Муниципальное бюджетное учреждение культуры "Централизованная библиотечная система" г. Сургут (Центральная городская библиотека им. А. С. Пушкина)
g Правила каталогизации КиК/Поспелова
852 Данные о местонахождении __
j Шифр хранения 84(2Рос=Рус)6-4
c Каталожный индекс 84(2Рос=Рус)6-4
i Авторский знак Т 52
p Инвентарный номер 65364(с)
901 Тип документа __
t Тип документа m
903 Характеристики (МАРС) __
a Дата передачи 20061212
990 Данные о заказе (DOS) __
j Количество экземпляров (DOS) 1
t N записи в КСУ для И/У (DOS) ретро